000 01153nam a22003377a 4500
001 0074
003 DO-SdBNP
005 20180321130417.0
007 0074
008 151102b dr 2009 xxu||||| |||| 00| 0 spa d
020 _a9993455326
040 _aBPMSU
_bspa
_cBPMSU
082 4 _a923 .27293
_bD812e, 2009
100 1 0 _aBalcácer, Juan Daniel
245 _aDuarte para estudiantes /
_cJuan Daniel Balcácer ; editor Tomás Castro Burdiez
250 _a3a ed.
260 _aSanto Domingo :
_bEducarte,
_c2009
300 _a40 p. :
_c20 cm.
490 1 0 _aCuadernos educativos y culturales
_v10
490 1 0 _aIndependencia nacional. Serie independencia
_v10
500 _aIncluye datos biográficos y notas al pie de las páginas
600 _aDUARTE Y DIEZ, JUAN PABLO
_d1813-1876
700 1 0 _aCastro Burdiez, Tomás,
_eed.
710 _aFundación para Educación y Arte (República Dominicana)
830 0 0 _aCuadernos educativos y culturales
_n10
_pIndependencia
830 0 0 _aIndependencia nacional
942 _2ddc
_cBK
945 _aInventariado / 2018 VM
956 _aBrenda Tavárez
956 _aValidado. Control de calidad MFF
999 _c8501
_d8501